Olympic Men's Handball Top 4 Positions - Statistics

General Stats
  • This quiz has been taken 2,663 times
    1,227 since last reset
  • The average score is 13 of 20
Answer Stats
country % Correct
France
98%
Germany
91%
Denmark
89%
Sweden
89%
Spain
88%
Russia
78%
Croatia
75%
Poland
69%
Hungary
65%
Soviet Union
61%
Yugoslavia
60%
Austria
58%
Romania
51%
Iceland
48%
Egypt
47%
Switzerland
45%
Czechoslovakia
43%
East Germany
39%
West Germany
32%
South Korea
29%
No matching quizzes found
Score Distribution
Percent of People with Each Score
Percentile by Number Answered
Your Score History
You have not taken this quiz since the last reset